Η εικόνα της φύσης στη σύγχρονη φυσική

Αποθηκεύτηκε σε:
Λεπτομέρειες βιβλιογραφικής εγγραφής
Κύριος συγγραφέας: Heisenberg, Werner 1901-1976
Άλλοι συγγραφείς: Τσαμκιράνη-Γεωργακοπούλου, Αμαλία (Μεταφραστής)
Μορφή: Βιβλίο
Γλώσσα:French
Δημοσίευση: Θεσσαλονίκη : Αφοι Σακκουλά, 1971
Θέματα:
Ετικέτες: Προσθήκη ετικέτας
Δεν υπάρχουν, Καταχωρήστε ετικέτα πρώτοι!

MARC

LEADER 00000nam a2200000 i 4500
001 1/12460
008 990401s1971 fre d
035 |l 10018639 
040 |a GR-MY-UA  |b gre  |e aacr 
041 0 |a fre 
082 0 |a 501 
100 1 |a Heisenberg, Werner  |d 1901-1976. 
245 1 2 |a Η εικόνα της φύσης στη σύγχρονη φυσική /  |c Werner Heisenberg ; μετάφραση Α. Τσαμκιράνη-Γεωργακοπούλου 
260 |a Θεσσαλονίκη :   |b Αφοι Σακκουλά,   |c 1971 
300 |a 158 σ. 
650 0 0 |a Science  |x Philosophy. 
700 1 |a Τσαμκιράνη-Γεωργακοπούλου, Αμαλία.  |4 trl 
852 |a INST  |b LESVOS  |e 19990401  |h 501 HEI  |p 005100019544  |q 005100019544  |t BK  |y 0 
901 |a BIBL1-1999-3 
909 |a Λ  |b 065116 
922 |a 1ΕΛΗ  |b 199903  |c ΚΠΣ/ΣΚΟΥΡΤΟΣ  |d EMVASIS 
950 |a 054-1996-02-06 
970 |z 1999/09/12  |a ΤΖΑΦΕΡΗ  |b ΕΥΑΓΓΕΛΙΑ